000 01007nam a22003251i 4500
999 _c693
_d693
001 019591601
003 UkOxU
005 20191119092957.0
008 130409r20132012enka j 000 f eng|d
015 _aGBB340746
_2bnb
016 7 _a016324533
_2Uk
020 _a9780007339686 (pbk.) :
035 _a(Uk)016324533
040 _aStDuBDS
_beng
_erda
_cStDuBDS
_dUk
042 _aukblsr
082 0 4 _aFIC MOR
_223
100 1 _aMorpurgo, Michael,
_eauthor.
245 1 2 _aA medal for Leroy /
_cMichael Morpurgo ; illustrated by Michael Foreman.
264 1 _aLondon :
_bHarperCollins Children's Books,
_c2013.
300 _a222 pages :
_billustrations (black and white) ;
_c20 cm
336 _atext
_2rdacontent
336 _astill image
_2rdacontent
337 _aunmediated
_2rdamedia
338 _avolume
_2rdacarrier
500 _aOriginally published: 2012.
500 _aFormerly CIP.
_5Uk
655 0 _aChildren's stories.
700 1 _aForeman, Michael,
_d1938-
_eillustrator.
942 _2ddc
_cFIC